Personifying the social media presence of academic librarians : a uses and gratifications perspective /
Saved in:
| Main Author: | |
|---|---|
| Format: | Thesis Book |
| Language: | English |
| Published: |
2014
|
| Subjects: | |
| Online Access: | http://studentsrepo.um.edu.my/id/eprint/4706 |
| Tags: |
Add Tag
No Tags, Be the first to tag this record!
|
| LEADER | 01462cam a2200349 i 4500 | ||
|---|---|---|---|
| 001 | u1002143 | ||
| 003 | SIRSI | ||
| 005 | 201409021729 | ||
| 008 | 140902s2014 my a t 000 0 eng m | ||
| 040 | |a UMM |d AUM |e rda | ||
| 090 | |a Z674 |b UMP 2014 Foo | ||
| 100 | 1 | |a Fooladi, Niusha Zohoorian, |e author | |
| 245 | 1 | 0 | |a Personifying the social media presence of academic librarians : |b a uses and gratifications perspective / |c Niusha Zohoorian-Fooladi |
| 264 | 1 | |c 2014 | |
| 264 | 4 | |c 2014 | |
| 300 | |a 1 unnumbered leaf, xv, 275 leaves : |b illustrations ; |c 30 cm | ||
| 336 | |a text |2 rdacontent | ||
| 337 | |a unmediated |2 rdamedia | ||
| 338 | |a volume |2 rdacarrier | ||
| 502 | |b Ph.D |c Fakulti Sains Komputer dan Teknologi Maklumat, Universiti Malaya |d 2014. | ||
| 504 | |a Bibliography: leaves 213-250 | ||
| 530 | |a Also issued in CD. | ||
| 650 | 0 | |a Social media | |
| 650 | 0 | |a Online social networks |x Library applications | |
| 650 | 0 | |a Academic libraries | |
| 650 | 0 | |a Academic librarians | |
| 710 | 2 | |a Universiti Malaya. |b Fakulti Sains Komputer dan Teknologi Maklumat, |e degree granting institution. | |
| 856 | 4 | 1 | |u http://studentsrepo.um.edu.my/id/eprint/4706 |
| 900 | |a ZA | ||
| 596 | |a 1 25 | ||
| 999 | |a Z674 UMP 2014 FOO |w LC |c 1 |i A515974404 |d 20/11/2017 |e 20/11/2017 |f 27/10/2015 |g 1 |l STACKS |m P01UTAMA |n 4 |r Y |s Y |t TESIS |u 21/10/2015 |1 AHSS | ||
| 999 | |a Z674 UMP 2014 FOO |w LC |c 1 |i A516815917 |f 13/6/2023 |g 1 |l STACKS |m P25UMARCHI |r N |s Y |t CD |u 13/9/2017 |1 STEM |o .STAFF. MST-CD 2693 | ||
